Welcome to CU Library Online Public Access Catalogue (OPAC)

Fundamentals of nursing : (Record no. 7844)

MARC details
000 -LEADER
fixed length control field 00847cam a2200265 a 4500
001 - CONTROL NUMBER
control field 1897462
005 - DATE AND TIME OF LATEST TRANSACTION
control field 20251028115748.0
008 - FIXED-LENGTH DATA ELEMENTS--GENERAL INFORMATION
fixed length control field 841102s1985 moua b 001 0 eng c
020 ## - INTERNATIONAL STANDARD BOOK NUMBER
International Standard Book Number 0801638283
020 ## - INTERNATIONAL STANDARD BOOK NUMBER
International Standard Book Number 9780801638282
050 10 - LIBRARY OF CONGRESS CALL NUMBER
Classification number RT42
Item number .P68 1985
082 00 - DEWEY DECIMAL CLASSIFICATION NUMBER
Classification number 610.73
Edition information 19
100 1# - MAIN ENTRY--PERSONAL NAME
Personal name Potter, Patricia Ann.
245 10 - TITLE STATEMENT
Title Fundamentals of nursing :
Remainder of title concepts, process, and practice /
Statement of responsibility, etc. Patricia A. Potter, Anne G. Perry.
260 ## - PUBLICATION, DISTRIBUTION, ETC.
Place of publication, distribution, etc. St. Louis :
Name of publisher, distributor, etc. The C. V. Mosby Company
Date of publication, distribution, etc. 1985.
300 ## - PHYSICAL DESCRIPTION
Extent xxxix, 1453, 69 p. :
Other physical details ill. ;
Dimensions 29 cm.
650 #0 - SUBJECT ADDED ENTRY--TOPICAL TERM
Topical term or geographic name entry element Nursing.
650 #0 - SUBJECT ADDED ENTRY--TOPICAL TERM
Topical term or geographic name entry element Nursing
General subdivision Examinations, questions, etc.
650 #0 - SUBJECT ADDED ENTRY--TOPICAL TERM
Topical term or geographic name entry element Nursing
General subdivision Study and teaching
-- Audio-visual aids.
650 #2 - SUBJECT ADDED ENTRY--TOPICAL TERM
Topical term or geographic name entry element Nurse-Patient Relations.
650 #2 - SUBJECT ADDED ENTRY--TOPICAL TERM
Topical term or geographic name entry element Nursing Care.
650 #2 - SUBJECT ADDED ENTRY--TOPICAL TERM
Topical term or geographic name entry element Nursing Process.
700 1# - ADDED ENTRY--PERSONAL NAME
Personal name Perry, Anne Griffin.
942 ## - ADDED ENTRY ELEMENTS (KOHA)
Source of classification or shelving scheme Library of Congress Classification
Koha item type Books
Suppress in OPAC No
999 ## -
-- 7844
-- 7844
Holdings
Withdrawn status Lost status Source of classification or shelving scheme Damaged status Not for loan Collection Home library Current library Shelving location Date acquired Total checkouts Full call number Barcode Date last seen Copy number Price effective from Koha item type
    Library of Congress Classification     Non-fiction Science Library (Miotso) Science Library (Miotso) General stacks 10/28/2025   RT42 .P68 POT SLM00004664 10/28/2025 1 10/28/2025 Books
© 2023-2024 Copyright: Central University Libraries. All Rights Reserved | Created by: Mahone Tech Office